الفن و مذاهبه في الشعر العربي / (Record no. 10267)

MARC details
000 -LEADER
fixed length control field 00536nam a22001817a 4500
005 - DATE AND TIME OF LATEST TRANSACTION
control field 20251108164347.0
008 - FIXED-LENGTH DATA ELEMENTS--GENERAL INFORMATION
fixed length control field 250721s9999 xx 000 0 ara d
082 14 - DEWEY DECIMAL CLASSIFICATION NUMBER
Classification number 811.009/ضيف
100 1# - MAIN ENTRY--PERSONAL NAME
Personal name ضيف، شوقي
245 10 - TITLE STATEMENT
Title الفن و مذاهبه في الشعر العربي /
250 ## - EDITION STATEMENT
Edition statement ط11.
264 1# - PRODUCTION, PUBLICATION, DISTRIBUTION, MANUFACTURE, AND COPYRIGHT NOTICE
Place of production, publication, distribution, manufacture القاهرة :
Name of producer, publisher, distributor, manufacturer دار المعارف،
Date of production, publication, distribution, manufacture, or copyright notice [19-].
300 ## - PHYSICAL DESCRIPTION
Extent 523 ص
490 0# - SERIES STATEMENT
Series statement مكتبة الدراسات الأدبية ؛20
650 17 - SUBJECT ADDED ENTRY--TOPICAL TERM
Topical term or geographic name as entry element الشعر العربي
942 ## - ADDED ENTRY ELEMENTS (KOHA)
Source of classification or shelving scheme Dewey Decimal Classification
Koha item type Books
Holdings
حالة السحب حالة الفقدان مصدر التصنيف حالة التلف غير قابل للإعارة المكتبة الرئيسية المكتبة الحالية موقع الرف تاريخ التزويد الرقم المتسلسل Total Checkouts رقم الإستدعاء تاريخ آخر ظهور تاريخ الفاتورة نوع المادة (كوها) الباركود
    Dewey Decimal Classification Unchecked   المكتبة المركزية المكتبة المركزية الإعارة 06/07/2004 167549   811.009/ضيف 28/07/2025 06/07/2004 Books  
    Dewey Decimal Classification     المكتبة المركزية المكتبة المركزية الإعارة 11/06/2015 1600459   811.009/ضيف 28/07/2025 11/06/2015 Books PLD00330513
Implemented & Customized by: BBB with SCIT (Smart Chains for Information Technology)

Powered by Koha